Concord-Padgett Regional Airport Destinations (Concord, NC, USA) - Statistics

General Stats
  • This quiz has been taken 47 times
    30 since last reset
  • The average score is 4 of 9
Answer Stats
Airline Destination % Correct
Allegiant Air Orlando/Sanford
90%
Allegiant Air St. Petersburg/Clearwater
57%
Allegiant Air Fort Lauderdale
52%
Avelo Airlines New Haven (CT)
48%
Allegiant Air Punta Gorda (FL)
48%
Avelo Airlines Lakeland
19%
Avelo Airlines Long Island/Islip
19%
Avelo Airlines Rochester (NY)
19%
Avelo Airlines Manchester (NH)
14%
No matching quizzes found
Score Distribution
Percent of People with Each Score
Percentile by Number Answered
Your Score History
You have not taken this quiz since the last reset